000 01233nam a2200385 c 4500
001 46618
003 ES-MaCES
005 20171116134501.0
008 151103s2015 sp 000 ||spa d
017 _aM 11616-2015
_bDL
020 _a9788490970164
040 _aES-MaCES
_bspa
_cES-MaCES
100 1 _aMarqués Perales, Ildefonso
_935775
245 1 3 _aLa movilidad social en España
_cIldefonso Marqués Perales
260 _aMadrid
_bLos Libros de la Catarata
_c[2015]
300 _a213 p.
_c21 cm
490 1 _aSerie Dilemas de la socialdemocracia
500 _aEn el lomo: 530
504 _aBibliografía: p. 203-213
541 _cCompra
650 4 _amovilidad social
_927297
650 4 _acondición social
_927298
650 4 _aestructura social
_927289
650 4 _anivel educativo
_927448
650 4 _adiscriminación por razones de sexo
_929521
650 4 _adesigualdad social
_930789
650 4 _aEspaña
_926964
650 4 _a1950-2008
_936168
650 4 _ainvestigación sociológica
_927260
650 4 _acuadros estadísticos
_928890
653 1 0 _aCiencias Sociales-Políticas
830 0 _934687
_aSerie Dilemas de la socialdemocracia
902 _aLIB Libro
942 _2CES
_cBK
_h7.0.
999 _c46618
_d46618